00385nam a22001217a 4500003000400000082001700004100001800021245010800039260004400147300000800191650003200199653003200231SGT a617.63bA23N aNegi, Rachana aAnalysis of Posterior Superior Alveolar Artery and Canalis Sinuosus using Cone beam Computed Tomography aGurugram, HaryanabSGT Universityc2023 a190 aOral Medicine and Radiology aOral Medicine and Radiology